| 000 | 00742nam a22002177a 4500 | ||
|---|---|---|---|
| 999 |
_c19732 _d19732 |
||
| 003 | AR-CdUCM | ||
| 008 | 190521b ||||| |||| 00| 0 spa d | ||
| 040 |
_aMUNICIPALIDAD PROVINCIAL DEL CUSCO _cBIBLIOTECA MUNICIPAL DEL CUSCO |
||
| 082 |
_a541 / _bM26 |
||
| 100 |
_aMaron, Samuel H. _940535 |
||
| 245 | _aFundamentos de fisicoquímica / | ||
| 260 |
_aMéxico : _bLimusa, _c1975. |
||
| 300 |
_a889 páginas ; _c25 cm. |
||
| 505 | _aContenido : Gases y liquidos -- Estados sólidos -- La primera ley de la termodinámica -- Termoquímica... | ||
| 650 |
_aEstructura atómica _941271 |
||
| 650 |
_aFotoquímica _941272 |
||
| 650 |
_aTabla de logaritmos _941273 |
||
| 700 |
_aFrutton, Carl F. _941274 |
||
| 942 |
_2ddc _cLIBROS |
||
| 945 | _arcc | ||